00825cam a22002054a 450000500170000002000350001704000330005208200160008510000180010124500620011926000280018130000320020950400510024152002410029254600090053365000190054265000220056165000190058370000170060220250928105247.0 a9781848600256 cTZS 81,567.67  aMCCLbeng.eAACR 2nd rev ed.04a658.022 CHA1 aChaston, Ian.10aEntrepreneurial management in small firms /cIan Chaston. aLondon :bSAGE,cc2010. ax, 261 p. :bill. ;c24 cm. aIncludes bibliographical references and index. aWritten by a leading light on the topic, this text examines the processes by which small businesses identify new opportunities, evolve appropriate marketing strategies, develop new products and services and launch these into the market. aeng. 0aSmall business 0aEntrepreneurship. 0aSmall business aIan Chaston.